[Event "Server N.A. Champ."]
[Site "CCLA"]
[Date "2020.04.25"]
[Round "?"]
[White "Hey, Brian"]
[Black "Hayward, Clark W."]
[Result "1-0"]
[WhiteElo "1937"]
[BlackElo "1888"]

1. e4 e6 2. d4 d5 3. Nc3 Bb4 4. Bd3 c5 5. exd5 exd5 6. dxc5 Bxc3+ 7. bxc3 
Nc6 8. Ne2 Nf6 9. O-O Qa5 10. Be3 Bg4 11. f3 Bd7 12. Rb1 Qc7 13. Nd4 a6 
14. Re1 O-O 15. Bg5 Rae8 16. Qd2 Ne5 17. Bxf6 gxf6 18. Nb3 Nxd3 19. cxd3 
Kh8 20. Qh6 Qd8 21. Nd4 Rxe1+ 22. Rxe1 Rg8 23. Qh5 Be8 24. Nf5 Rg5 25. Qh6
Rg6 26. Qf8+ Rg8 27. Qd6 Qxd6 28. Nxd6 Bc6 29. Nxf7+ Kg7 30. Nd6 Kf8 31. 
d4 Rg7 32. h4 Re7 33. Rxe7 Kxe7 34. g4 b5 35. Kg2 Kf8 36. Kg3 Bd7 37. Kf4 
1-0

[Event "Server N.A. Champ."]
[Site "CCLA"]
[Date "2020.04.25"]
[Round "?"]
[White "Evans, Stanley W."]
[Black "Hayward, Clark W."]
[Result "0-1"]
[WhiteElo "1932"]
[BlackElo "1888"]

1. e4 e6 2. d4 d5 3. exd5 exd5 4. Bd3 c5 5. dxc5 Bxc5 6. Qe2+ Ne7 7. Nf3 
Nc6 8. c3 Bg4 9. h3 Bh5 10. Bb5 O-O 11. O-O Re8 12. Qd3 a6 13. Ba4 Bg6 14.
 Qd1 Qc7 15. Be3 Bxe3 16. fxe3 Nf5 17. Re1 Rad8 18. Qd2 Ng3 19. Qf2 Ne4 
20. Qh4 f6 21. Na3 Nc5 22. Bc2 Bxc2 23. Nxc2 Nd3 24. Re2 Re4 25. Qh5 Nf4 
26. exf4 Rxe2 27. Ng5 fxg5 28. Qxe2 gxf4 29. Re1 Qf7 30. Qe6 Qxe6 31. Rxe6
Kf7 32. Re2 Rd6 33. Rd2 Ne5 34. Nd4 Rd7 35. Kf2 g5 36. Nf3 Kf6 37. Nxe5 
Kxe5 38. Kf3 h5 39. Rd4 b5 40. g3 Rf7 41. gxf4+ Rxf4+ 42. Rxf4 gxf4 43. h4
b4 44. a3 b3 45. Kf2 Ke4 46. Ke2 f3+ 47. Kd2 f2 48. Ke2 f1=Q+ 49. Kxf1 Kd3
0-1

[Event "Server N.A. Champ."]
[Site "CCLA"]
[Date "2020.04.25"]
[Round "?"]
[White "Clancey, James"]
[Black "Evans, Stanley W."]
[Result "0-1"]
[WhiteElo "1799"]
[BlackElo "1932"]

1. d4 Nf6 2. c4 Nc6 3. Nf3 d6 4. Nc3 Bg4 5. d5 Nb8 6. e4 c6 7. Be2 e5 8. 
O-O Be7 9. h3 Bh5 10. Be3 h6 11. Nh4 Bxe2 12. Qxe2 Nxd5 13. Nf3 Nf6 14. 
Rad1 Qc7 15. c5 dxc5 16. Nd2 g5 17. Nb3 Nbd7 18. Kh1 b6 19. g3 Nf8 20. f4 
gxf4 21. gxf4 Ne6 0-1

[Event "Server N.A. Champ."]
[Site "CCLA"]
[Date "2020.04.25"]
[Round "?"]
[White "Evans, Stanley W."]
[Black "Shannon, Paul D."]
[Result "1/2-1/2"]
[WhiteElo "1932"]
[BlackElo "1935"]

1. e4 e6 2. d4 c5 3. c3 b6 4. Nf3 Bb7 5. Bd3 Nf6 6. Bg5 Be7 7. Nbd2 O-O 8.
 O-O h6 9. Bh4 d6 10. Re1 Nbd7 11. h3 Nh5 12. Bxe7 Qxe7 13. Rc1 Nf4 14. 
Bb1 e5 15. d5 Qf6 16. Kh2 Rfd8 17. g3 Ng6 18. c4 Ne7 19. Qe2 g5 20. Kg2 
Nf8 21. Nh2 Nfg6 22. Ng4 Qg7 23. Qf3 Kf8 24. Ne3 Ke8 25. Rh1 Bc8 26. Ng4 
Ng8 27. Kf1 Kd7 28. Ne3 Kc7 29. Bc2 1/2-1/2

[Event "Server N.A. Champ."]
[Site "CCLA"]
[Date "2020.04.25"]
[Round "?"]
[White "Evans, Stanley W."]
[Black "Hey, Brian"]
[Result "0-1"]
[WhiteElo "1932"]
[BlackElo "1937"]

1. e4 e5 2. d4 exd4 3. c3 dxc3 4. Nxc3 Nc6 5. Nf3 d6 6. Bc4 Nf6 7. Qb3 Qd7
8. Ng5 Ne5 9. Bb5 c6 10. f4 cxb5 11. fxe5 dxe5 12. Be3 a5 13. O-O a4 14. 
Qxb5 Bd6 15. Qe2 Ra5 16. Bb6 Ra6 17. Bf2 Ra5 18. Rfd1 Qe7 19. Rac1 O-O 20.
 Nf3 Bg4 21. h3 Bh5 22. Qd3 Bc5 23. Bxc5 Qxc5+ 24. Kh2 Qe7 25. Qc4 Bxf3 
26. gxf3 Nh5 27. Rg1 Qh4 28. Rc2 Qf4+ 29. Kh1 Qxf3+ 30. Kh2 Qf4+ 31. Kg2 
Qg3+ 32. Kf1 Qxh3+ 33. Kf2 Qh2+ 34. Rg2 Qh4+ 35. Kf1 Qh1+ 36. Rg1 Qf3+ 37.
 Rf2 Ng3+ 38. Rxg3 Qxg3 39. Qe2 Ra6 40. Nd5 Rh6 41. Ke1 Rh1+ 42. Kd2 Qg1 
0-1

[Event "Server N.A. Champ."]
[Site "CCLA"]
[Date "2020.04.25"]
[Round "?"]
[White "Ruiz, Glenn"]
[Black "Evans, Stanley W."]
[Result "1/2-1/2"]
[WhiteElo "1824"]
[BlackElo "1932"]

1. e4 Nc6 2. Nc3 e5 3. Bc4 Nf6 4. d3 Bb4 5. Ne2 d5 6. exd5 Nxd5 7. O-O Be6
8. Bxd5 Bxd5 9. a3 Be7 10. Be3 O-O 11. Qd2 Be6 12. f4 exf4 13. Nxf4 Qd7 
14. Nxe6 fxe6 15. Qe2 e5 16. Rxf8+ Rxf8 17. Rf1 Rxf1+ 18. Kxf1 a6 19. Qf3 
Nd4 20. Bxd4 exd4 21. Qd5+ Qxd5 22. Nxd5 Bd6 23. Kf2 Kf7 1/2-1/2

[Event "Server N.A. Champ."]
[Site "CCLA"]
[Date "2020.04.25"]
[Round "?"]
[White "Hayward, Clark W."]
[Black "Clancey, James"]
[Result "1/2-1/2"]
[WhiteElo "1888"]
[BlackElo "1799"]

1. d4 d5 2. Nf3 Nf6 3. e3 Nc6 4. a3 Bf5 5. Nbd2 e6 6. b3 Bd6 7. Bb2 O-O 8.
 Be2 Ne4 9. Nxe4 Bxe4 10. Qd2 Ne7 11. O-O Ng6 12. Ne5 c5 13. f3 cxd4 14. 
exd4 Nxe5 15. dxe5 Bc5+ 16. Kh1 Bg6 17. Rfd1 Rc8 18. Rac1 Bf2 19. Bd3 Bh4 
20. Bd4 Bg5 21. f4 Bxd3 22. cxd3 Be7 23. a4 b6 24. Rxc8 Qxc8 25. Rc1 Qb7 
26. h3 a5 27. Bb2 Bb4 28. Qd1 Rd8 29. Qf3 Rc8 30. Qe3 Bc5 31. d4 Bb4 32. 
Kh2 Rxc1 33. Qxc1 Kf8 34. Qc2 g6 35. Bc1 Ke7 36. g4 1/2-1/2

[Event "Server N.A. Champ."]
[Site "CCLA"]
[Date "2020.04.25"]
[Round "?"]
[White "Shannon, Paul D."]
[Black "Hayward, Clark W."]
[Result "1-0"]
[WhiteElo "1935"]
[BlackElo "1888"]

1. e4 e6 2. d4 d5 3. e5 c5 4. c3 Nc6 5. Nf3 Bd7 6. Be2 Qb6 7. O-O cxd4 8. 
cxd4 Nge7 9. b3 Nf5 10. Be3 Nxe3 11. fxe3 Be7 12. Nc3 O-O 13. Na4 Qd8 14. 
a3 f6 15. exf6 Bxf6 16. Nc5 Bc8 17. b4 Ne7 18. Qd2 Nf5 19. Rac1 Nd6 20. 
Bd3 b5 21. Qe2 Nc4 22. a4 a6 23. e4 Be7 24. a5 Nd6 25. Ne5 Bf6 26. exd5 
exd5 27. Qh5 Ne4 28. Rcd1 Qe8 29. Qxe8 Rxe8 30. Bxe4 dxe4 31. Nxe4 Bxe5 
32. dxe5 Be6 33. Nc5 Bc4 34. Rfe1 Kf7 35. Rd6 Re7 36. Rxa6 Rxa6 37. Nxa6 
Ke6 38. Nc5+ Kd5 39. e6 Kd6 40. Rd1+ Bd5 41. Kf2 Ke5 42. g3 h6 43. Nd3+ 
Kf6 44. Nf4 Bb7 45. Nd5+ 1-0

[Event "Server N.A. Champ."]
[Site "CCLA"]
[Date "2020.04.25"]
[Round "?"]
[White "Clancey, James"]
[Black "Shannon, Paul D."]
[Result "0-1"]
[WhiteElo "1799"]
[BlackElo "1935"]

1. d4 e5 2. e4 exd4 3. Qxd4 Nc6 4. Qd1 Nf6 5. Nc3 Bb4 6. Bd3 d5 7. exd5 
Qxd5 8. Nf3 O-O 9. O-O Bxc3 10. bxc3 Bg4 11. Rb1 b6 12. Rb5 Bxf3 13. Qxf3 
Qxf3 14. gxf3 Rfe8 15. Rd1 Ne5 16. Bg5 c6 17. Rxe5 Rxe5 18. Bf4 Ra5 19. 
Bc4 Rf5 20. Be3 Rxf3 21. Be2 Rf5 22. Rd4 Nd5 0-1

[Event "Server N.A. Champ."]
[Site "CCLA"]
[Date "2020.04.25"]
[Round "?"]
[White "Clancey, James"]
[Black "Hey, Brian"]
[Result "0-1"]
[WhiteElo "1799"]
[BlackElo "1937"]

1. d4 f5 2. g3 Nf6 3. Bg2 e6 4. c4 Be7 5. Nf3 O-O 6. O-O d6 7. Nc3 Ne4 8. 
Qc2 Nxc3 9. Qxc3 a5 10. h4 h6 11. a3 Bf6 12. Re1 Nc6 13. Be3 e5 14. d5 e4 
15. Nd4 Ne5 16. Rad1 Bxh4 17. gxh4 f4 18. Ne6 Bxe6 19. dxe6 Qxh4 0-1

[Event "Server N.A. Champ."]
[Site "CCLA"]
[Date "2020.04.25"]
[Round "?"]
[White "Ruiz, Glenn"]
[Black "Clancey, James"]
[Result "1-0"]
[WhiteElo "1824"]
[BlackElo "1799"]

1. e4 c6 2. d4 d5 3. e5 Bf5 4. Nf3 e6 5. Be2 Nd7 6. O-O Ne7 7. Nbd2 h6 8. 
Nh4 Bh7 9. c4 dxc4 10. Nxc4 Ng6 11. Nxg6 Bxg6 12. Bh5 Be7 13. Bxg6 fxg6 
14. Qc2 Kf7 15. Rd1 Nb6 16. Nxb6 Qxb6 17. Rd3 Rhf8 18. Be3 Rfd8 19. d5 1-0

[Event "Server N.A. Champ."]
[Site "CCLA"]
[Date "2020.04.25"]
[Round "?"]
[White "Hey, Brian"]
[Black "Shannon, Paul D."]
[Result "1/2-1/2"]
[WhiteElo "1937"]
[BlackElo "1935"]

1. e4 e6 2. d4 c5 3. d5 exd5 4. exd5 d6 5. Nf3 Nf6 6. c4 Be7 7. Nc3 O-O 8.
 Bd3 Re8 9. O-O Nbd7 10. h3 a6 11. a4 Bf8 12. Bg5 Ne5 13. Nxe5 Rxe5 14. 
Bh4 Re8 15. Bc2 Be7 16. Qd3 g6 17. Rfe1 Bf5 18. Qd2 Bxc2 19. Qxc2 Kg7 20. 
Re2 Ng8 21. Rae1 Qd7 22. Bxe7 Rxe7 23. Ne4 Rae8 24. Qc3+ f6 25. Qg3 Re5 
26. b3 f5 27. Nc3 Rxe2 28. Rxe2 Rxe2 29. Nxe2 Nf6 30. f3 Qe7 31. Kf1 Nh5 
32. Qe1 1/2-1/2

[Event "Server N.A. Champ."]
[Site "CCLA"]
[Date "2020.04.25"]
[Round "?"]
[White "Shannon, Paul D."]
[Black "Ruiz, Glenn"]
[Result "1/2-1/2"]
[WhiteElo "1935"]
[BlackElo "1824"]

1. e4 c6 2. d4 d5 3. e5 Bf5 4. Nf3 e6 5. Be2 Nd7 6. O-O Ne7 7. Nh4 Bg6 8. 
Nd2 c5 9. c3 cxd4 10. cxd4 Nc6 11. Nxg6 hxg6 12. Nf3 Be7 13. Be3 Qb6 14. 
Rb1 O-O-O 15. b4 Kb8 16. b5 Na5 17. Qa4 Rc8 18. Rfc1 Rxc1+ 19. Rxc1 Rc8 
20. Rxc8+ Kxc8 21. Bd2 Bd8 22. g3 Qc7 23. Ng5 Bxg5 24. Bxg5 Kb8 25. Kg2 b6
26. Bd2 Nb7 27. Qb3 Qd8 28. a4 Qc7 1/2-1/2

[Event "Server N.A. Champ."]
[Site "CCLA"]
[Date "2020.04.25"]
[Round "?"]
[White "Hey, Brian"]
[Black "Ruiz, Glenn"]
[Result "1-0"]
[WhiteElo "1937"]
[BlackElo "1824"]

1. e4 c6 2. Nc3 d5 3. Nf3 Bg4 4. h3 Bh5 5. exd5 cxd5 6. Bb5+ Nc6 7. g4 Bg6
8. Ne5 Rc8 9. d4 e6 10. Qe2 Bb4 11. h4 Ne7 12. h5 Be4 13. f3 O-O 14. Nxc6 
Nxc6 15. Be3 Qa5 16. O-O Bxc3 17. bxc3 Bxc2 18. Bxc6 Rxc6 19. Qxc2 Rfc8 
20. Bd2 Qc7 21. Kg2 b5 22. a3 e5 23. Qd3 Rc4 24. dxe5 Qxe5 25. Rfe1 Qd6 
26. Re3 d4 27. Re4 Rd8 28. Rae1 g5 29. Bxg5 1-0

[Event "Server N.A. Champ."]
[Site "CCLA"]
[Date "2020.04.25"]
[Round "?"]
[White "Hayward, Clark W."]
[Black "Ruiz, Glenn"]
[Result "1-0"]
[WhiteElo "1888"]
[BlackElo "1824"]

1. d4 Nf6 2. Nf3 e6 3. e3 c5 4. Bd3 d5 5. b3 Nc6 6. a3 Bd6 7. Nbd2 O-O 8. 
Bb2 b6 9. O-O Bb7 10. Ne5 Rc8 11. f4 Ne7 12. Ndf3 Ne4 13. dxc5 Bxc5 14. 
Qe2 Nf5 15. Nd4 Bxd4 16. Bxd4 f6 17. Nf3 Qe8 18. Qe1 Qh5 19. Bxe4 dxe4 20.
 Nd2 Rxc2 21. Rf2 Rfc8 22. Nc4 Rxf2 23. Qxf2 Bd5 24. Bb2 Bxc4 25. bxc4 
Rxc4 26. h3 Qe8 27. Rd1 Qc8 28. Rd2 Qc5 {Black withdrew} 1-0

[Event "Server N.A. Champ."]
[Site "CCLA"]
[Date "2020.04.25"]
[Round "?"]
[White "Anderson, Clarence"]
[Black "Evans, Stanley W."]
[Result "0-1"]
[WhiteElo "1768"]
[BlackElo "1932"]

1. d4 Nf6 2. Nf3 d6 3. c4 Nbd7 4. Nc3 e5 5. e4 c6 6. Be2 Be7 7. O-O O-O 8. Be3 
Qe8 9. d5 cxd5 10. cxd5 Ng4 11. Bd2 f5 12. exf5 Rxf5 {White withdrew} 0-1

[Event "Server N.A. Champ."]
[Site "CCLA"]
[Date "2020.04.25"]
[Round "?"]
[White "Ruiz, Glenn"]
[Black "Anderson, Clarence"]
[Result "1-0"]
[WhiteElo "1824"]
[BlackElo "1768"]

1. e4 g6 2. d4 Bg7 3. Nc3 d6 4. f4 Nf6 5. Nf3 O-O 6. Bd3 Nc6 7. O-O e5 8. 
fxe5 dxe5 9. d5 Ne7 10. Bg5 h6 {Black withdrew} 1-0

[Event "Server N.A. Champ."]
[Site "CCLA"]
[Date "2020.04.25"]
[Round "?"]
[White "Anderson, Clarence"]
[Black "Hey, Brian"]
[Result "0-1"]
[WhiteElo "1768"]
[BlackElo "1937"]

1. d4 d5 2. Nf3 Nf6 3. e3 c5 4. c3 e6 5. Bd3 Nc6 6. Ne5 Nxe5 7. dxe5 Nd7 
8. f4 c4 9. Bc2 Qh4+ 10. g3 Qh3 11. Nd2 b5 12. Qe2 Bb7 13. Nf3 f6 14. exf6
gxf6 15. Nd4 e5 16. Bf5 Qh6 17. Bxd7+ Kxd7 18. fxe5 fxe5 19. Qg4+ Kc7 20. e4 
Qg6 21. Qxg6 hxg6 22. Nxb5+ Kb6 23. Na3 Bxa3 24. bxa3 d4 {White withdrew} 0-1

[Event "Server N.A. Champ."]
[Site "CCLA"]
[Date "2020.04.25"]
[Round "?"]
[White "Shannon, Paul D."]
[Black "Anderson, Clarence"]
[Result "1-0"]
[WhiteElo "1935"]
[BlackElo "1768"]

1. e4 g6 2. d4 Bg7 3. c4 d6 4. Nc3 e5 5. d5 a5 6. Bd3 Na6 7. Nge2 Qh4 8. 
Be3 Bd7 9. Qd2 h6 10. h3 Nb4 11. Bb1 Nf6 {Black withdrew} 1-0

[Event "Server N.A. Champ."]
[Site "CCLA"]
[Date "2020.04.25"]
[Round "?"]
[White "Hayward, Clark W."]
[Black "Anderson, Clarence"]
[Result "1-0"]
[WhiteElo "1888"]
[BlackElo "1768"]

1. d4 Nf6 2. Nf3 g6 3. c4 c5 4. d5 b5 5. cxb5 a6 6. e3 axb5 7. Bxb5 Qa5+ 
8. Nc3 Ba6 9. Bxa6 Qxa6 10. e4 d6 11. Qe2 Bg7 12. Qxa6 Nxa6 13. O-O Nd7 
14. a4 O-O 15. Bg5 Rfe8 16. Rfb1 Kf8 17. Bd2 Reb8 18. a5 
{Black withdrew} 1-0

[Event "Winter Server Series, S02001"]
[Site "CCLA"]
[Date "2020.02.25"]
[Round "?"]
[White "Quirk, Michael"]
[Black "Beavan, Robert"]
[Result "1-0"]
[WhiteElo "1981"]
[BlackElo "2029"]

1. d4 d5 2. c4 c6 3. Nf3 Nf6 4. e3 Bf5 5. Nc3 e6 6. Nh4 Be4 7. f3 Bg6 8. 
Qb3 Qb6 9. Nxg6 hxg6 10. Bd2 Nbd7 11. g3 Qxb3 12. axb3 a6 13. c5 Be7 14. 
b4 O-O-O 15. e4 dxe4 16. fxe4 Nb8 17. Be3 Ng4 18. Bg1 Bg5 19. h4 f5 20. 
Bh3 Bh6 21. Bxg4 fxg4 22. e5 Rhf8 23. Ne4 Rf3 24. Ra3 Rdf8 25. Bf2 Rxa3 
26. bxa3 Rf3 27. a4 Rb3 28. Ke2 Rxb4 29. Kd3 Nd7 30. a5 Rb3+ 31. Kc4 1-0

[Event "Winter Server Series, S02001"]
[Site "CCLA"]
[Date "2020.02.25"]
[Round "?"]
[White "Quirk, Michael"]
[Black "Blumberg, David L."]
[Result "0-1"]
[WhiteElo "1981"]
[BlackElo "1990"]

1. e4 e5 2. Nf3 Nc6 3. Bb5 a6 4. Ba4 Nf6 5. O-O Be7 6. Re1 b5 7. Bb3 O-O 
8. c3 d5 9. exd5 Nxd5 10. Nxe5 Nxe5 11. Rxe5 c6 12. d4 Bd6 13. Re1 Qh4 14.
 g3 Qh3 15. Be3 Bg4 16. Qd3 Rae8 17. Nd2 Qh5 18. a4 Re6 19. axb5 axb5 20. 
Nf1 Bf5 21. Qd2 Bh3 22. Bd1 Qg6 23. Bf3 Qf5 24. Qd1 h5 25. Ra6 Bc7 26. Bh1
Rfe8 27. Qb1 Qg4 28. Bxd5 cxd5 29. Rxe6 Rxe6 30. Qd1 0-1

[Event "Winter Server Series, S02001"]
[Site "CCLA"]
[Date "2020.02.25"]
[Round "?"]
[White "Beavan, Robert"]
[Black "Quirk, Michael"]
[Result "1/2-1/2"]
[WhiteElo "2029"]
[BlackElo "1981"]

1. c4 e5 2. g3 Nf6 3. Bg2 d5 4. cxd5 Nxd5 5. Nc3 Nb6 6. Nf3 Nc6 7. O-O Be7
8. a3 O-O 9. b4 Be6 10. Rb1 f6 11. d3 Nd4 12. Nd2 c6 13. e3 Nf5 14. Nb3 
Nd5 15. Qc2 Nxc3 16. Qxc3 Qc7 17. e4 Nd6 18. Be3 a5 19. Nxa5 Nb5 20. Qc1 
Rfd8 21. Rd1 c5 22. Nc4 Nd4 23. Bxd4 cxd4 24. Na5 Rdc8 25. Qxc7 Rxc7 26. 
Rdc1 Rxc1+ 27. Rxc1 b6 28. Rc6 bxa5 29. Rxe6 axb4 30. axb4 Ra1+ 31. Bf1 
Bxb4 1/2-1/2

[Event "Winter Server Series, S02001"]
[Site "CCLA"]
[Date "2020.02.25"]
[Round "?"]
[White "Beavan, Robert"]
[Black "Silverman, Robert"]
[Result "1-0"]
[WhiteElo "2029"]
[BlackElo "1895"]

1. c4 e5 2. g3 h5 3. Nc3 Nc6 4. Nf3 Bc5 5. d3 d6 6. Bg2 f6 7. O-O Nge7 8. 
a3 Be6 9. b4 Bb6 10. b5 Nb8 11. Na4 Qd7 12. Nxe5 Qc8 13. Nf3 g5 14. Nxb6 
axb6 15. Bb2 Rh6 16. h4 Rg6 17. hxg5 fxg5 18. Nd4 c6 19. Be4 Rg8 20. bxc6 
bxc6 21. Bh7 Rh8 22. Nxe6 Rxh7 23. Nxg5 Rh6 24. Bc1 Rg6 25. Nf3 Ra5 26. 
Kg2 Kd7 27. Bd2 Ra8 28. Rh1 Qh8 29. Rh3 Nf5 30. e4 Nd4 31. Nxd4 Qxd4 32. 
Be3 Qf6 33. Rxh5 c5 34. Rf5 Qe6 35. Bf4 Nc6 36. Qb3 Rb8 37. Rh1 Rg7 38. 
Rh6 Rg6 39. Rh7+ Ne7 40. Qb5+ Kc7 41. Rff7 Qxf7 42. Rxf7 Re6 43. Bg5 Rd8 
44. Bxe7 Rd7 45. Bd8+ 1-0

[Event "Winter Server Series, S02001"]
[Site "CCLA"]
[Date "2020.02.25"]
[Round "?"]
[White "Beavan, Robert"]
[Black "Blumberg, David L."]
[Result "1/2-1/2"]
[WhiteElo "2029"]
[BlackElo "1990"]

1. c4 c5 2. g3 g6 3. Bg2 Bg7 4. Nc3 Nc6 5. a3 d6 6. Nf3 e5 7. O-O a5 8. d3
Nge7 9. Rb1 O-O 10. Nd2 Rb8 11. e3 Be6 12. Nde4 b6 13. Ng5 Bc8 14. e4 h6 
15. Nf3 Kh7 16. Nd5 Nxd5 17. exd5 Nd4 18. Nxd4 exd4 19. b4 axb4 20. axb4 
Bd7 21. Bf4 Qc7 22. Re1 Rfe8 23. Rxe8 Rxe8 24. b5 Ra8 1/2-1/2

[Event "Winter Server Series, S02001"]
[Site "CCLA"]
[Date "2020.02.25"]
[Round "?"]
[White "Silverman, Robert"]
[Black "Beavan, Robert"]
[Result "0-1"]
[WhiteElo "1895"]
[BlackElo "2029"]

1. d4 d5 2. Bg5 f6 3. Bh4 Nh6 4. f3 Nc6 5. c3 e5 6. e3 exd4 7. exd4 Nf5 8.
 Bf2 Qe7+ 9. Ne2 Ne3 10. Qd2 Nxf1 11. Rxf1 b6 12. Be3 Na5 13. b3 Ba6 14. 
Rf2 O-O-O 15. b4 Re8 16. Bf4 Qd7 17. Be3 Bd6 18. bxa5 Re6 19. f4 Rhe8 20. 
Rf3 Bxe2 21. Qxe2 Bxf4 22. Kd1 Rxe3 23. Qa6+ Kd8 24. Rxf4 Qa4+ 25. Kd2 b5 
26. Na3 Re2+ 0-1

[Event "Winter Server Series, S02001"]
[Site "CCLA"]
[Date "2020.02.25"]
[Round "?"]
[White "Silverman, Robert"]
[Black "Blumberg, David L."]
[Result "0-1"]
[WhiteElo "1895"]
[BlackElo "1990"]

1. d4 Nf6 2. c4 c5 3. d5 b5 4. e3 Bb7 5. Be2 g6 6. Nf3 Bg7 7. b3 Ng8 8. 
Nd4 cxd4 9. exd4 Nf6 10. Nc3 b4 11. Na4 d6 12. Bf3 O-O 13. O-O Nbd7 14. a3
a5 15. axb4 axb4 16. Bf4 Nb6 17. Re1 Nxa4 18. bxa4 Re8 19. Qb3 Nd7 20. 
Red1 Qa5 21. Be3 Rec8 22. Rdc1 Qb6 23. Qb2 Ra5 24. c5 dxc5 25. Rc4 Ba6 26.
 Qb3 Bxc4 27. Qxc4 Qa6 28. Qb3 Bxd4 29. Ra2 Bxe3 30. fxe3 Qd6 31. Be2 Nb6 
32. Bc4 Nxc4 33. Qxc4 Rca8 34. e4 Qe5 35. Qb3 Qc3 36. Qd1 Qd4+ 37. Qxd4 
cxd4 38. Rd2 Rxa4 0-1

[Event "Winter Server Series, S02001"]
[Site "CCLA"]
[Date "2020.02.25"]
[Round "?"]
[White "Blumberg, David L."]
[Black "Quirk, Michael"]
[Result "1-0"]
[WhiteElo "1990"]
[BlackElo "1981"]

1. d4 d5 2. c4 c6 3. Nf3 Nf6 4. Nc3 dxc4 5. a4 Bf5 6. Ne5 Nbd7 7. Nxc4 Qc7
8. g3 e5 9. dxe5 Nxe5 10. Bf4 Nfd7 11. Bg2 g5 12. Nxe5 gxf4 13. Nxd7 O-O-O
14. Qd4 Qxd7 15. Qxf4 Bd6 16. Qc1 Kb8 17. O-O Qe6 18. a5 a6 19. Ra4 Qe5 
20. e3 Rhe8 21. Be4 Be6 22. Qc2 h5 23. Bd3 Rh8 24. h4 Rhg8 25. Ne2 Bc7 26.
 Rfa1 Rd5 27. Re4 Rxa5 28. Rxe5 Rxa1+ 1-0

[Event "Winter Server Series, S02001"]
[Site "CCLA"]
[Date "2020.02.25"]
[Round "?"]
[White "Blumberg, David L."]
[Black "Beavan, Robert"]
[Result "1/2-1/2"]
[WhiteElo "1990"]
[BlackElo "2029"]

1. d4 d5 2. c4 c6 3. Nf3 Nf6 4. Nc3 dxc4 5. a4 Bf5 6. Ne5 Nbd7 7. Nxc4 Qc7
8. g3 e5 9. dxe5 Nxe5 10. Bf4 Nfd7 11. Bg2 f6 12. O-O Nc5 13. Ne3 Bg6 14. 
b4 Ne6 15. b5 Rd8 16. Qb3 Nxf4 17. gxf4 Bf7 18. Qc2 Nd7 19. bxc6 bxc6 20. 
Qe4+ Be7 21. Nf5 Nc5 22. Qxc6+ Qxc6 23. Bxc6+ Kf8 24. Rad1 g6 25. Nxe7 
Kxe7 26. Rb1 Rc8 27. Bd5 1/2-1/2

[Event "Winter Server Series, S02001"]
[Site "CCLA"]
[Date "2020.02.25"]
[Round "?"]
[White "Blumberg, David L."]
[Black "Silverman, Robert"]
[Result "1/2-1/2"]
[WhiteElo "1990"]
[BlackElo "1895"]

1. d4 Nf6 2. c4 e6 3. Nc3 Bb4 4. Qc2 c5 5. dxc5 O-O 6. a3 Ba5 7. b4 Bc7 8.
 Nf3 b6 9. cxb6 axb6 10. Bb2 Bb7 11. e3 Nc6 12. Be2 Qb8 13. Nb5 Be5 14. 
O-O Bxb2 15. Qxb2 Rd8 16. Rfd1 d5 17. cxd5 Rxd5 18. Rxd5 Nxd5 19. Nc3 Nce7
20. Nxd5 Bxd5 21. Rc1 Qb7 22. Rc3 Nc6 23. Qc1 b5 24. Nd2 f5 25. Bf3 Rc8 
26. Bxd5 exd5 27. Nf3 Ne7 28. Nd4 Qd7 29. Rxc8+ Nxc8 30. Nxb5 Nb6 31. Qc5 
Na4 32. Qc7 Qxb5 33. Qc8+ Kf7 34. Qxf5+ Kg8 35. Qc8+ Kf7 36. Qf5+ 1/2-1/2

[Event "Winter Server Series, S02001"]
[Site "CCLA"]
[Date "2020.02.25"]
[Round "?"]
[White "Quirk, Michael"]
[Black "Silverman, Robert"]
[Result "0-1"]
[WhiteElo "1981"]
[BlackElo "1895"]

1. c4 e5 2. g3 c6 3. d4 e4 4. Nc3 d5 5. Bg2 Nf6 6. Bg5 Be7 7. cxd5 cxd5 8.
 Qb3 O-O 9. Bxf6 Bxf6 10. Qxd5 Qb6 11. Qb5 Qxd4 12. Bxe4 a6 13. Qb3 Nc6 
14. Nf3 Qb4 15. Qxb4 Nxb4 16. a3 Bxc3+ 17. bxc3 Nc6 18. Nd4 Ne7 19. Rb1 
Rb8 20. Rb6 f5 21. Bg2 f4 22. O-O Rd8 23. Rfb1 Nd5 24. Bxd5+ Kf8 25. Bxb7 
Bd7 26. Bxa6 Rbc8 27. Bxc8 Kf7 28. Rb7 Ke8 29. Bxd7+ Rxd7 30. Rxd7 Kxd7 
31. a4 {White withdrew} 0-1

[Event "Winter Server Series, S02001"]
[Site "CCLA"]
[Date "2020.02.25"]
[Round "?"]
[White "Silverman, Robert"]
[Black "Quirk, Michael"]
[Result "1-0"]
[WhiteElo "1895"]
[BlackElo "1981"]

1. d4 d5 2. Bg5 c6 3. Nc3 h6 4. Bh4 Qb6 5. Rb1 Nd7 6. Nf3 Ngf6 7. e3 Nh5 
8. Be2 g5 9. Bg3 Nxg3 10. hxg3 Bg7 11. g4 Qc7 12. O-O h5 13. g3 hxg4 14. 
Nh2 f5 15. Qe1 e5 16. f4 exf4 17. exf4 Bxd4+ 18. Kg2 Ne5 19. Bd3 Rxh2+ 
{Black withdrew} 1-0

[Event "Winter Series, S02002"]
[Site "CCLA"]
[Date "2020.02.25"]
[Round "?"]
[White "Anderson, Clarence"]
[Black "Ruiz, Glenn"]
[Result "1/2-1/2"]
[WhiteElo "1768"]
[BlackElo "1805"]

1. d4 Nf6 2. Nf3 e6 3. e3 c5 4. Bd3 d5 5. b3 Nc6 6. O-O Bd6 7. Bb2 O-O 8. 
Nbd2 b6 9. a3 Bb7 10. dxc5 bxc5 11. c4 Qe7 12. Qc2 h6 13. Rfe1 Nd7 14. 
cxd5 exd5 15. e4 d4 16. e5 Bc7 17. Bf5 Bb6 18. e6 fxe6 19. Rxe6 Qf7 20. 
Bh7+ Kh8 21. Rae1 Rae8 22. Bg6 Qxe6 23. Rxe6 Rxe6 24. Bf5 Re7 25. Be4 Rfe8
26. h3 Nf6 27. Bg6 Rd8 28. Nc4 1/2-1/2

[Event "Winter Series, S02002"]
[Site "CCLA"]
[Date "2020.02.25"]
[Round "?"]
[White "Hey, Brian"]
[Black "Anderson, Clarence"]
[Result "1/2-1/2"]
[WhiteElo "1934"]
[BlackElo "1768"]

1. e4 g6 2. d4 Bg7 3. Nc3 d6 4. Be3 a6 5. f4 b5 6. Be2 Nd7 7. Bf3 e5 8. 
fxe5 dxe5 9. d5 Ngf6 10. Qd2 Bb7 11. Bh6 O-O 12. Bxg7 Kxg7 13. h4 h5 14. 
Nge2 Nb6 15. b3 Qe7 16. Ng3 Rfd8 17. Qg5 Kf8 18. O-O Ng8 19. Qe3 Nd7 20. 
Bxh5 gxh5 21. Rf5 Qc5 22. Qxc5+ Nxc5 23. Raf1 Nh6 24. Rxe5 b4 25. Nce2 Rd6
26. Rxh5 Re8 27. Nf5 Nxf5 28. Rhxf5 f6 29. e5 Rxd5 30. Nf4 Rd2 31. exf6 
Nd7 32. f7 Rc8 33. Ng6+ Kg7 34. Rg5 Rxg2+ 35. Rxg2 Bxg2 36. f8=Q+ Nxf8 37.
 Rxf8 Rxf8 38. Nxf8 Bd5 39. Nd7 1/2-1/2

[Event "Winter Series, S02002"]
[Site "CCLA"]
[Date "2020.02.25"]
[Round "?"]
[White "Disque, Philip"]
[Black "Anderson, Clarence"]
[Result "1/2-1/2"]
[WhiteElo "1671"]
[BlackElo "1768"]

1. Nf3 g6 2. e4 Bg7 3. d4 d6 4. c3 b6 5. Bc4 Bb7 6. Nbd2 e6 7. O-O Nd7 8. 
Re1 Ne7 9. Bb3 h6 10. Nf1 O-O 11. Ng3 c5 12. Be3 Nf6 13. Bc2 Nc6 14. dxc5 
dxc5 15. Qc1 Kh7 16. Bf4 Qe7 17. e5 Nd5 18. Bd2 Qc7 19. Nh5 Rh8 20. Nxg7 
Kxg7 21. Bf4 Nxf4 22. Qxf4 Qe7 23. Rad1 Rad8 24. h4 Rxd1 25. Rxd1 Rd8 26. 
Re1 Na5 27. Be4 Bxe4 28. Qxe4 Qd7 29. b3 Nc6 1/2-1/2

[Event "Winter Series, S02002"]
[Site "CCLA"]
[Date "2020.02.25"]
[Round "?"]
[White "Hey, Brian"]
[Black "Ruiz, Glenn"]
[Result "1/2-1/2"]
[WhiteElo "1934"]
[BlackElo "1805"]

1. e4 c6 2. d4 d5 3. exd5 cxd5 4. Bd3 Nc6 5. c3 Nf6 6. Bf4 g6 7. Nf3 Bg7 
8. O-O O-O 9. Re1 Bf5 10. Bxf5 gxf5 11. Ne5 e6 12. Nd2 Ne7 13. Ndf3 Ng6 
14. Bg5 h6 15. Bxf6 Bxf6 16. Nd3 b6 17. Nfe5 Bxe5 18. Nxe5 Nxe5 19. Rxe5 
Rc8 20. Re3 Kh7 21. Qd3 Rg8 22. Rae1 Qg5 23. Rg3 Qf4 24. Qe3 Qxe3 25. 
Rexe3 Rgd8 1/2-1/2